Éléments de topologie algébrique /

Guardado en:
Autor Principal: Godbillon, Claude, 1937-
Formato: Libro
Idioma:French
Publicado: Paris : Hermann, c1971.
Series:Collection Méthodes. Mathématique
Materias:
Etiquetas: Agregar Etiqueta
Sin Etiquetas, Sea el primero en etiquetar este registro!
LEADER 00733cam a22002175a 4500
001 MAT.inmabb004986
008 720803s1971####fr#a#####b####001#0#fre##
005 20110913155741.0
245 1 0 |a Éléments de topologie algébrique /  |c Claude Godbillon. 
260 |a Paris :  |b Hermann,  |c c1971. 
300 |a 249 p. :  |b il. ;  |c 23 cm. 
440 0 |a Collection Méthodes.  |p Mathématique 
504 |a Incluye referencias bibliográficas (p. [245]) e índice. 
510 4 |a MR,  |c 46 #880 
100 1 |a Godbillon, Claude,  |d 1937- 
246 3 8 |a Topologie algébrique 
650 0 |a Algebraic topology. 
084 |a 55-01 (57-01 58A10)  |2 msc2000 
010 |a  73852037  
040 |a DLC  |c OClW  |d OCoLC  |d FrAvU  |d DLC 
859 |h 55  |i G577  |p A-5306  |b BIB. MATEMATICA